One battle after another / (Record no. 22667)

000 -LEADER
fixed length control field 01330nam a22003377a 4500
005 - DATE AND TIME OF LATEST TRANSACTION
control field 20260418123903.0
008 - FIXED-LENGTH DATA ELEMENTS--GENERAL INFORMATION
fixed length control field 260416b xxu||||| |||| 00| 0 eng d
040 ## - CATALOGING SOURCE
Transcribing agency Cagayan State University
082 ## - DEWEY DECIMAL CLASSIFICATION NUMBER
Item number On58 2025
Classification number 791.4372
245 ## - TITLE STATEMENT
Title One battle after another /
Statement of responsibility, etc directed, written, and produced by Paul Thomas Anderson ; written by Thomas Pynchon ; produced by Sara Murphy, Adam Somner.
260 ## - PUBLICATION, DISTRIBUTION, ETC. (IMPRINT)
Place of publication, distribution, etc Burbank, California :
Name of publisher, distributor, etc Warner Bros. Pictures,
Date of publication, distribution, etc 2025.
300 ## - PHYSICAL DESCRIPTION
Extent 1 video file (ca. 161 mins.) :
Other physical details sound, color.
500 ## - GENERAL NOTE
General note Summary derived from IMDb Web site.
520 ## - SUMMARY, ETC.
Summary, etc When their enemy resurfaces after 16 years, a group of ex-revolutionaries reunite to rescue the daughter of one of their own.
521 ## - TARGET AUDIENCE NOTE
Target audience note Rated R for pervasive language, violence, sexual content, and drug use.
546 ## - LANGUAGE NOTE
Language note In English language.
650 ## - SUBJECT ADDED ENTRY--TOPICAL TERM
Topical term or geographic name as entry element Action Epic
650 ## - SUBJECT ADDED ENTRY--TOPICAL TERM
Topical term or geographic name as entry element Dark Comedy
650 ## - SUBJECT ADDED ENTRY--TOPICAL TERM
Topical term or geographic name as entry element Epic
655 ## - INDEX TERM--GENRE/FORM
Genre/form data or focus term Political Thriller
655 ## - INDEX TERM--GENRE/FORM
Genre/form data or focus term Action
655 ## - INDEX TERM--GENRE/FORM
Genre/form data or focus term Drama
700 ## - ADDED ENTRY--PERSONAL NAME
Personal name Anderson, Paul Thomas, director, writter and producer
700 ## - ADDED ENTRY--PERSONAL NAME
Personal name Pynchon, Thomas, writter .
700 ## - ADDED ENTRY--PERSONAL NAME
Personal name Murphy, Sara, producer.
700 ## - ADDED ENTRY--PERSONAL NAME
Personal name Somner, Adam, producer.
700 ## - ADDED ENTRY--PERSONAL NAME
Personal name DiCaprio, Leonardo, star.
700 ## - ADDED ENTRY--PERSONAL NAME
Personal name Penn, Sean, star.
700 ## - ADDED ENTRY--PERSONAL NAME
Personal name Del Toro, Benicio, star.
942 ## - ADDED ENTRY ELEMENTS (KOHA)
Source of classification or shelving scheme
Item type Audio-Visual Materials
Holdings
Source of acquisition Price effective from Permanent location Date last seen Not for loan Date acquired Source of classification or shelving scheme Koha item type Collection code Shelving location Damaged status Lost status Withdrawn status Current location Full call number
Donation2026-04-16Cagayan State University - Carig Library2026-04-16 2026-04-16 Audio-Visual MaterialsElectronic Media CenterAudio Visual   Cagayan State University - Carig LibraryOn58 2025

Cagayan State University University Library, Carig Campus
Tuguegarao City, Cagayan 3500 | www.csucarig.edu.ph

Powered by Koha